LEADER 01425nam0-2200421---450- 001 990000422860203316 005 20090907113909.0 010 $a88-14-08782-2 035 $a0042286 035 $aUSA010042286 035 $a(ALEPH)000042286USA01 035 $a0042286 100 $a20010503d2001----y0itay0103 ba 101 $aita 102 $aIT 105 $a00||| 200 1 $a<> nuova legge marchi$ecommento articolo per articolo della legge marchi e delle disposizioni transitorie del D.Lgs n. 480/92$fAdriano Vanzetti, Cesare Galli 205 $a2. ed. aggiornata con i d.lgs. nn. 198/96 e 447/99 210 $aMilano$cGiuffrè$dcopyr. 2001 215 $aXIV, 435 p.$d22 cm 300 $aSegue: Appendice 606 $aMarchi di fabbrica e di commercio$xLegislazione 676 $a346.45048802638 700 1$aVANZETTI,$bAdriano$0132947 701 $aGALLI,$bCesare$0237462 801 0$aIT$bBNI$c19940808$gRICA 912 $a990000422860203316 951 $aXXV.3.B 297 (CODEX 717 A)$b29193 G.$cXXV.3.B 297 (CODEX)$d00073174 959 $aBK 969 $aGIU 979 $aCHIARA$b40$c20010503$lUSA01$h0941 979 $aCHIARA$b40$c20010503$lUSA01$h0945 979 $aCHIARA$b40$c20010503$lUSA01$h1151 979 $c20020403$lUSA01$h1650 979 $aPATRY$b90$c20040406$lUSA01$h1629 979 $aRSIAV4$b90$c20090907$lUSA01$h1139 996 $aNuova legge marchi$9662806 997 $aUNISA